[Event "World Rapid Women 2021"]
[Site "Warsaw POL"]
[Date "2021.12.27"]
[Round "5.30"]
[White "Goraj, Barbara"]
[Black "Kulon, Klaudia"]
[Result "1/2-1/2"]
[WhiteTitle "WCM"]
[BlackTitle "IM"]
[WhiteElo "2044"]
[BlackElo "2335"]
[WhiteFideId "21816166"]
[BlackFideId "1131044"]
[EventDate "2021.12.26"]

1. Nf3 Nf6 2. c4 g6 3. g3 Bg7 4. Bg2 O-O 5. O-O d6 6. Nc3 e5 7. d3 h6 8. a3 a5
9. Rb1 c6 10. b4 axb4 11. axb4 Ne8 12. b5 f5 13. Qb3 Kh7 14. Ne1 c5 15. Nd5 Nf6
16. Nc2 Nxd5 17. Bxd5 f4 18. Bd2 Nd7 19. Bg2 g5 20. Ra1 Rb8 21. Ra7 Nf6 22. b6
Qe7 23. Na3 Kh8 24. Nb5 Ne8 25. Nc3 Be6 26. Rfa1 g4 27. Bd5 f3 28. e4 Nf6 29.
Qa4 Bxd5 30. Nxd5 Nxd5 31. cxd5 Qf7 32. Qd1 Qg6 33. R1a2 c4 34. Bb4 Rfc8 35. Rc2
cxd3 36. Qxd3 Qh5 37. Rc7 Bf8 38. h4 gxh3 39. Kh2 Qg4 40. Raxb7 Rxb7 41. Rxb7 h5
42. Rc7 h4 43. Rxc8 hxg3+ 44. fxg3 Qxc8 45. Qxf3 Kg7 46. g4 Qc4 47. Bd2 Qc2 48.
Qe3 Qb1 49. Bc1 Kh7 50. Qxh3+ Kg8 51. Qe3 Be7 52. Kg2 Bd8 53. Bd2 Bxb6 54. Qg5+
Kf7 55. Qf5+ Kg7 56. Qd7+ Kg8 57. Qe6+ Kg7 58. Qe7+ Kg8 59. Qe8+ Kg7 60. Qe7+
Kg8 61. Qg5+ Kf7 62. Qf5+ Kg7 63. Qg5+ Kf7 64. Qh5+ Ke7 65. Bg5+ Kd7 66. Qf7+
Kc8 67. Qe8+ Kb7 68. Qc6+ Ka7 69. Qa4+ Kb8 70. Qe8+ Ka7 71. Qa4+ Kb7 72. Qc6+
Ka7 73. Qd7+ Ka6 74. Qc8+ Ka7 75. Qd7+ Ka6 76. Qa4+ 1/2-1/2

[Event "World Rapid Women 2021"]
[Site "Warsaw POL"]
[Date "2021.12.27"]
[Round "5.31"]
[White "Muetsch, Annmarie"]
[Black "Beydullayeva, Govhar"]
[Result "1/2-1/2"]
[WhiteTitle "WIM"]
[BlackTitle "WIM"]
[WhiteElo "2279"]
[BlackElo "2290"]
[WhiteFideId "12971367"]
[BlackFideId "13413015"]
[EventDate "2021.12.26"]

1. e4 c5 2. Nc3 d6 3. g3 g6 4. Bg2 Bg7 5. Nge2 Nc6 6. d3 e6 7. O-O Rb8 8. a4 a6
9. f4 Nge7 10. Kh1 O-O 11. g4 f5 12. Ng3 Nd4 13. gxf5 exf5 14. Nd5 fxe4 15.
Nxe7+ Qxe7 16. dxe4 Be6 17. Be3 Bc4 18. Re1 Qh4 19. Bf1 Be6 20. Be2 Rbd8 21. c3
Nxe2 22. Qxe2 d5 23. f5 gxf5 24. exf5 Bxf5 25. Bxc5 Bg4 26. Qe7 Bf6 27. Qe3 Bg5
28. Qe5 Bf6 29. Qe3 Rfe8 30. Qxe8+ Rxe8 31. Rxe8+ Kf7 32. Rf8+ Kg7 33. Rf1 Be5
34. Bd4 Bxd4 35. cxd4 Be6 36. R8f4 Qe7 37. Nh5+ Kg6 38. Ng3 h6 39. Kg1 Bh3 40.
R1f2 Qe1+ 41. Nf1 Bxf1 42. Rxf1 Qe3+ 1/2-1/2

[Event "World Rapid Women 2021"]
[Site "Warsaw POL"]
[Date "2021.12.27"]
[Round "5.32"]
[White "Babiy, Olga"]
[Black "Alymbai kyzy, Aizhan"]
[Result "1-0"]
[WhiteTitle "WGM"]
[WhiteElo "2259"]
[BlackElo "1889"]
[WhiteFideId "14117258"]
[BlackFideId "13800043"]
[EventDate "2021.12.26"]

1. d4 d5 2. Bf4 Nf6 3. e3 c5 4. Nf3 Nc6 5. Nbd2 Bf5 6. dxc5 e6 7. Nd4 Bg6 8. Bb5
Rc8 9. b4 Be7 10. a3 O-O 11. O-O Nd7 12. Nxc6 bxc6 13. Ba6 e5 14. Bxc8 Qxc8 15.
Bg3 f5 16. f4 e4 17. Nb3 Nf6 18. Bh4 Rf7 19. Qd2 Bf8 20. Nd4 Rb7 21. Qe2 Bh5 22.
Qa6 Ng4 23. Rae1 Bg6 24. Nxc6 Qc7 25. Nd4 Be8 26. Qe6+ Qf7 27. Qxf5 Qxf5 28.
Nxf5 Bb5 29. h3 Bxf1 30. Kxf1 Nf6 31. Rd1 Rd7 32. Bxf6 gxf6 33. c4 a5 34. cxd5
Kf7 35. d6 Kg6 36. c6 1-0

[Event "World Rapid Women 2021"]
[Site "Warsaw POL"]
[Date "2021.12.27"]
[Round "5.33"]
[White "Doluhanova, Evgeniya"]
[Black "Zabrzanska, Weronika"]
[Result "1-0"]
[WhiteTitle "WGM"]
[WhiteElo "2264"]
[BlackElo "1923"]
[WhiteFideId "14112035"]
[BlackFideId "21825173"]
[EventDate "2021.12.26"]

1. Nf3 Nf6 2. c4 e6 3. g3 Be7 4. Bg2 d5 5. O-O O-O 6. b3 c5 7. cxd5 Nxd5 8. Bb2
Bf6 9. Bxf6 Qxf6 10. Na3 Nd7 11. Nc4 b5 12. Nd6 Rb8 13. Rc1 Qe7 14. Nxc8 Rfxc8
15. d3 N7b6 16. Nd2 a5 17. Qc2 a4 18. Ne4 c4 19. bxc4 bxc4 20. dxc4 Rxc4 21. Qd2
Qb4 22. Qxb4 Rxb4 23. Rb1 Nc4 24. Rxb4 Rxb4 25. Rc1 h6 26. Nc5 Ndb6 27. Nd3 Rb5
28. Bc6 Ra5 29. Rb1 a3 30. Rb4 Kf8 31. Bf3 Ke7 32. Nc1 Ra4 33. Rb3 Ra5 34. Nd3
Kd6 35. Nb4 Rb5 36. Rd3+ Kc5 37. Na6# 1-0

[Event "World Rapid Women 2021"]
[Site "Warsaw POL"]
[Date "2021.12.27"]
[Round "5.34"]
[White "Gaboyan, Susanna"]
[Black "Girya, Olga"]
[Result "0-1"]
[WhiteTitle "WIM"]
[BlackTitle "GM"]
[WhiteElo "2254"]
[BlackElo "2416"]
[WhiteFideId "13303627"]
[BlackFideId "4195752"]
[EventDate "2021.12.26"]

1. Nf3 Nf6 2. g3 d5 3. Bg2 e6 4. O-O Be7 5. d3 O-O 6. Nbd2 c5 7. e4 Nc6 8. Re1
Qc7 9. c3 b6 10. Nf1 dxe4 11. dxe4 Rd8 12. Qc2 Ba6 13. e5 Bd3 14. Qa4 b5 15. Qh4
Nd5 16. Qh3 b4 17. Bd2 bxc3 18. bxc3 h6 19. g4 Rab8 20. Ng3 Rb2 21. Rad1 Rxd2
22. g5 Rxd1 23. Rxd1 Nf4 24. Qg4 Ne2+ 25. Kh1 Bf5 0-1

[Event "World Rapid Women 2021"]
[Site "Warsaw POL"]
[Date "2021.12.27"]
[Round "5.35"]
[White "Zhukova, Natalia"]
[Black "Kubicka, Anna"]
[Result "1/2-1/2"]
[WhiteTitle "GM"]
[BlackTitle "WIM"]
[WhiteElo "2335"]
[BlackElo "2266"]
[WhiteFideId "14101513"]
[BlackFideId "1152254"]
[EventDate "2021.12.26"]

1. c4 e5 2. Nc3 Nf6 3. Nf3 Nc6 4. e4 Bb4 5. d3 d6 6. a3 Bc5 7. b4 Bb6 8. Na4 Bd4
9. Rb1 Bg4 10. Be2 Bxf3 11. Bxf3 O-O 12. O-O a5 13. b5 Ne7 14. Be3 Bxe3 15. fxe3
b6 16. Nc3 Ng6 17. g3 Qe7 18. Bg2 Qe6 19. Rb2 Ne7 20. Rbf2 Ng4 21. Qe2 Nxf2 22.
Rxf2 Rae8 23. Qf1 Qh6 24. Rf3 f6 25. Qf2 Rf7 26. h4 Kh8 27. g4 Ng6 28. Rh3 Ne7
29. Rf3 Ng6 30. Rh3 Ne7 31. Rf3 Ng6 1/2-1/2

[Event "World Rapid Women 2021"]
[Site "Warsaw POL"]
[Date "2021.12.27"]
[Round "5.36"]
[White "Bartel, Marta"]
[Black "Sliwicka, Alicja"]
[Result "1/2-1/2"]
[WhiteTitle "WGM"]
[BlackTitle "WIM"]
[WhiteElo "2192"]
[BlackElo "2289"]
[WhiteFideId "1123009"]
[BlackFideId "1150677"]
[EventDate "2021.12.26"]

1. d4 Nf6 2. Bg5 d5 3. e3 e6 4. Nf3 h6 5. Bh4 c5 6. c3 Nc6 7. Nbd2 Be7 8. Bd3
O-O 9. O-O b6 10. Ne5 Nxe5 11. dxe5 Nd7 12. Bxe7 Qxe7 13. f4 f5 14. exf6 Qxf6
15. e4 e5 16. fxe5 Qxe5 17. Nf3 Qh5 18. exd5 Nf6 19. c4 Bd7 20. Qd2 Rae8 21.
Rae1 Qg4 22. h3 Qg3 23. Qf2 Qd6 24. Qh4 b5 25. b3 b4 26. Nd2 Rxe1 27. Rxe1 Re8
28. Rxe8+ Bxe8 29. Ne4 Nxe4 30. Qxe4 Bd7 31. Qh7+ Kf7 32. Qe4 Kg8 33. Qh4 Bc8
34. Qf2 Bd7 35. Qe3 Kf7 36. Kf2 a5 37. Kf3 Kg8 38. Qf4 Qe7 39. Be4 g5 40. Qb8+
Kg7 41. Qg3 Qf6+ 42. Ke2 Qb2+ 43. Kf1 Qa1+ 44. Kf2 Qxa2+ 45. Kg1 Qa1+ 46. Kh2
Qf6 47. Bc2 Qf4 48. Qxf4 gxf4 49. Kg1 Kf6 50. Kf2 Ke5 51. Kf3 Bc8 52. Bb1 Bd7
53. Bc2 Bc8 54. Bb1 Bd7 55. Bc2 Bc8 1/2-1/2

[Event "World Rapid Women 2021"]
[Site "Warsaw POL"]
[Date "2021.12.27"]
[Round "5.37"]
[White "Rakhmangulova, Anastasiya"]
[Black "Hryzlova, Sofiia"]
[Result "1-0"]
[WhiteTitle "WIM"]
[BlackTitle "WCM"]
[WhiteElo "2174"]
[BlackElo "2097"]
[WhiteFideId "14117479"]
[BlackFideId "14174669"]
[EventDate "2021.12.26"]

1. e4 c5 2. g3 Nc6 3. Bg2 g6 4. Ne2 Bg7 5. O-O d6 6. d3 e6 7. c3 Nge7 8. f4 O-O
9. Nd2 Rb8 10. a4 b6 11. Nf3 Bb7 12. g4 f5 13. Ng5 Qd7 14. gxf5 exf5 15. Qb3+ d5
16. e5 Nd8 17. d4 Ne6 18. Nxe6 Qxe6 19. Be3 c4 20. Qc2 a6 21. Kh1 b5 22. axb5
axb5 23. Ng1 b4 24. Nf3 b3 25. Qf2 Ra8 26. Rab1 Nc8 27. Rg1 Qe7 28. Nd2 Ra2 29.
Bf3 Nb6 30. Qg2 Rd8 31. Bf2 Bh6 32. Qh3 Qf8 33. Bh4 Re8 34. Qg3 Re6 35. Rg2 Bc6
36. Nf1 Qa8 37. Ne3 Kh8 38. Bf6+ Rxf6 39. exf6 Qf8 40. Qh4 Nd7 41. Bxd5 Bxd5 42.
Nxd5 Ra5 43. Ne3 Ra4 44. f7 Bg7 45. Rxg6 Qxf7 46. Rbg1 Bf6 47. Qh5 Nf8 48. Rxf6
Qxf6 49. Qxf5 Qxf5 50. Nxf5 Ra2 51. Nh6 Ng6 52. f5 Kg7 53. fxg6 Rxb2 54. Nf5+
Kg8 55. g7 1-0

[Event "World Rapid Women 2021"]
[Site "Warsaw POL"]
[Date "2021.12.27"]
[Round "5.38"]
[White "Strutinskaia, Galina"]
[Black "Jakubowska, Anna"]
[Result "1/2-1/2"]
[WhiteTitle "WGM"]
[BlackTitle "WIM"]
[WhiteElo "2142"]
[BlackElo "2106"]
[WhiteFideId "4108558"]
[BlackFideId "1121952"]
[EventDate "2021.12.26"]

1. d4 d5 2. c4 c6 3. Nf3 Nf6 4. Qb3 e6 5. Nc3 dxc4 6. Qxc4 b5 7. Qb3 a6 8. Bg5
Nbd7 9. Rd1 Qb6 10. e4 c5 11. d5 c4 12. Qc2 Bc5 13. Bh4 O-O 14. Be2 Bb7 15. O-O
Rfe8 16. b3 exd5 17. exd5 cxb3 18. axb3 Rac8 19. Qb2 Bb4 20. Na2 Bd6 21. Rfe1
Nxd5 22. Bg3 N7f6 23. Bxd6 Qxd6 24. Nc3 Qb4 25. Na2 Qa5 26. b4 Qb6 27. Bf1 Nf4
28. Ne5 Ng6 29. Nxg6 hxg6 30. Nc3 Rxe1 31. Rxe1 Qc6 32. Ne2 Qc2 33. Qd4 Qc4 34.
Qa7 Qe4 35. Rd1 Re8 36. Nc3 Qc6 37. Qd4 Rc8 38. Rd3 Qe6 39. Re3 Qg4 40. Qb6 Qd7
41. Rd3 Qc7 42. Qe3 Re8 43. Qd4 Bc8 44. h3 Bf5 45. Rd1 Rc8 46. Ne2 Qc4 47. Qd6
Ne4 48. Qxa6 Qxb4 49. g4 Be6 50. Rd4 Qb1 51. Kg2 b4 52. Nf4 Nc5 53. Qb5 b3 54.
Bc4 b2 55. Nxe6 Nxe6 56. Bxe6 fxe6 57. Rb4 Rc1 58. Rxb2 Rg1+ 59. Kf3 Qd1+ 60.
Qe2 Qd5+ 61. Qe4 Qd1+ 62. Re2 Rh1 63. Qxe6+ Kh7 64. g5 Qf1 65. Kg3 Qg1+ 66. Kf4
Qh2+ 67. Ke4 Qg2+ 68. Kd3 Rxh3+ 69. Re3 Qf1+ 70. Ke4 Rh4+ 71. Kf3 Rh3+ 72. Kg4
Qg2+ 73. Rg3 Rxg3+ 74. fxg3 Qd2 75. Qe4 Qd1+ 1/2-1/2

[Event "World Rapid Women 2021"]
[Site "Warsaw POL"]
[Date "2021.12.27"]
[Round "5.39"]
[White "Balajayeva, Khanim"]
[Black "Dylag, Emilia"]
[Result "1-0"]
[WhiteTitle "WGM"]
[BlackTitle "WFM"]
[WhiteElo "2376"]
[BlackElo "1956"]
[WhiteFideId "13406396"]
[BlackFideId "21805172"]
[EventDate "2021.12.26"]

1. e4 e5 2. Nf3 Nc6 3. Nc3 Nf6 4. a3 d5 5. Bb5 d4 6. Ne2 Bd6 7. d3 O-O 8. Bxc6
bxc6 9. Ng3 h6 10. O-O Be6 11. Qe2 a5 12. a4 Nd7 13. Bd2 c5 14. b3 Nb8 15. h3
Nc6 16. Nh2 Qh4 17. Ng4 Rae8 18. Qf3 Bxg4 19. hxg4 g6 20. Ne2 Kg7 21. Qh3 Qxh3
22. gxh3 g5 23. Ng3 f6 24. Kg2 Rh8 25. h4 Ra8 26. Nf5+ Kf7 27. Rh1 Ne7 28. hxg5
Nxf5 29. g6+ Kxg6 30. exf5+ Kg7 31. Rh3 Bf8 32. Rah1 Kf7 33. Kf3 Ra6 34. Bxh6
Bxh6 35. Rxh6 Rxh6 36. Rxh6 Rb6 37. Rh7+ Kg8 38. Rxc7 1-0

[Event "World Rapid Women 2021"]
[Site "Warsaw POL"]
[Date "2021.12.27"]
[Round "5.41"]
[White "Sandu, Mihaela"]
[Black "Utiatskaja, Irina"]
[Result "0-1"]
[WhiteTitle "WGM"]
[BlackTitle "WIM"]
[WhiteElo "2269"]
[BlackElo "2184"]
[WhiteFideId "1204327"]
[BlackFideId "24140848"]
[EventDate "2021.12.26"]

1. e4 c5 2. Nf3 e6 3. d4 cxd4 4. Nxd4 a6 5. Nc3 Bc5 6. Be3 Qc7 7. Qg4 g6 8.
O-O-O b5 9. Kb1 Bb7 10. Bxb5 Bxd4 11. Bxd4 e5 12. Bxe5 Qxe5 13. Bxd7+ Kf8 14.
Bc8 Nf6 15. Qh3 Bxc8 16. Qxc8+ Kg7 17. Qb7 Nbd7 18. f4 Qxf4 19. Rxd7 Nxd7 20.
Qxd7 Rhd8 21. Qa4 a5 22. b3 Qe5 23. Nd5 f5 24. Qc6 fxe4 25. Qb7+ Kh8 26. Ne3
Rab8 27. Qf7 Rf8 28. Qc4 Rbc8 29. Qa6 Ra8 30. Qb6 a4 31. Nc4 Qc3 32. Rd1 axb3
33. cxb3 Rxa2 34. Kxa2 Ra8+ 35. Na3 Qc2+ 36. Ka1 Rxa3# 0-1

[Event "World Rapid Women 2021"]
[Site "Warsaw POL"]
[Date "2021.12.27"]
[Round "5.42"]
[White "Lach, Aleksandra"]
[Black "Kucharska, Honorata"]
[Result "1-0"]
[WhiteTitle "WIM"]
[BlackTitle "WFM"]
[WhiteElo "2198"]
[BlackElo "2146"]
[WhiteFideId "1134299"]
[BlackFideId "1163868"]
[EventDate "2021.12.26"]

1. e4 e6 2. d4 d5 3. e5 c5 4. c3 Nc6 5. Nf3 Qb6 6. Bd3 cxd4 7. O-O Bd7 8. Re1 h6
9. Nbd2 Nge7 10. Nb3 a6 11. Nbxd4 Nxd4 12. Nxd4 Nc6 13. Nb3 Qc7 14. Qh5 O-O-O
15. f4 f6 16. Kh1 fxe5 17. fxe5 Be7 18. Nd4 Rhf8 19. Nxc6 Qxc6 20. Be3 Bc5 21.
Bxc5 Qxc5 22. b4 Qf2 23. Qd1 Kb8 24. Re2 Qf4 25. a4 Bxa4 26. Qe1 Bc6 27. b5 axb5
28. Rea2 d4 29. c4 b4 30. Qxb4 Kc7 31. Rb2 Ra8 32. Qd6+ 1-0

[Event "World Rapid Women 2021"]
[Site "Warsaw POL"]
[Date "2021.12.27"]
[Round "5.43"]
[White "Heredia Serrano, Carla"]
[Black "Rudzinska, Michalina"]
[Result "1-0"]
[WhiteTitle "WGM"]
[BlackTitle "WFM"]
[WhiteElo "2121"]
[BlackElo "2215"]
[WhiteFideId "3603687"]
[BlackFideId "1172883"]
[EventDate "2021.12.26"]

1. e4 c5 2. Nf3 d6 3. Bb5+ Nd7 4. O-O Nf6 5. Re1 e5 6. c3 a6 7. Bxd7+ Bxd7 8. d4
Qc7 9. Bg5 Be7 10. Nbd2 Bg4 11. h3 Bh5 12. dxe5 dxe5 13. Nc4 Rd8 14. Qe2 Bxf3
15. Qxf3 h6 16. Bxf6 Bxf6 17. Ne3 O-O 18. Nd5 Qc6 19. Rad1 Rd6 20. Qg3 Re8 21.
Rd3 Bd8 22. Red1 b5 23. Qg4 Rg6 24. Qf5 Rg5 25. Qf3 f5 26. h4 fxe4 27. Qxe4 Qg6
28. Nf6+ Bxf6 29. Qd5+ Kh8 30. hxg5 Bxg5 31. Qxc5 e4 32. Rg3 e3 33. fxe3 Qh5 34.
Rd5 Qe2 35. Rdxg5 Qd1+ 36. Kh2 hxg5 37. Qxg5 Qd7 38. Qg6 Kg8 39. Rh3 Re6 40.
Qh7+ Kf7 41. Rf3+ Rf6 42. Qh5+ Ke7 43. Qc5+ Kf7 44. Rxf6+ gxf6 45. e4 Qg4 46.
Qc7+ Kf8 47. Qb8+ Kf7 48. Qc7+ Kf8 49. Qd6+ Kf7 50. Qd5+ Kf8 51. Qf5 Qh4+ 52.
Kg1 Qe1+ 53. Kh2 Qh4+ 54. Kg1 Qe1+ 55. Qf1 Qe3+ 56. Kh2 Qh6+ 57. Kg1 Qe3+ 58.
Qf2 Qc1+ 59. Kh2 Qh6+ 60. Kg3 Qg5+ 61. Kf3 Qh5+ 62. Ke3 Qc5+ 63. Kf3 Qh5+ 64.
Ke3 Qc5+ 65. Ke2 Qc4+ 66. Kd2 Qxe4 67. Qxf6+ Ke8 68. Qf3 Qa4 69. Qe3+ Kf7 70.
Qf3+ Kg8 71. Qd5+ Kf8 72. b4 a5 73. Qb3 axb4 74. Qxb4+ 1-0

[Event "World Rapid Women 2021"]
[Site "Warsaw POL"]
[Date "2021.12.27"]
[Round "5.44"]
[White "Kolaric, Spela"]
[Black "Malicka, Maria"]
[Result "1/2-1/2"]
[WhiteTitle "WFM"]
[BlackTitle "FM"]
[WhiteElo "2185"]
[BlackElo "2307"]
[WhiteFideId "14607093"]
[BlackFideId "1197576"]
[EventDate "2021.12.26"]

1. e4 c5 2. c3 d5 3. exd5 Qxd5 4. d4 Nf6 5. Nf3 Bg4 6. Nbd2 Nc6 7. Bc4 Bxf3 8.
Qb3 Na5 9. Qb5+ Qd7 10. Nxf3 Nxc4 11. Qxc4 cxd4 12. Qxd4 Qxd4 13. Nxd4 e5 14.
Nf3 e4 15. Nd4 Bc5 16. Nb3 Bb6 17. O-O O-O-O 18. Bg5 Rd5 19. Bh4 Rhd8 20. Bxf6
gxf6 21. Rfe1 f5 22. Kf1 Rd3 23. g3 Rf3 24. Re2 e3 25. Nd4 Bxd4 26. cxd4 Rxd4
27. Rc1+ Kd7 28. Rcc2 f4 29. Kg2 Rxf2+ 30. Rxf2 exf2 31. Rxf2 fxg3 32. Rxf7+ Kc6
33. Kxg3 Rd2 34. Rf2 Rxf2 35. Kxf2 Kd5 36. Kf3 Kd4 37. Kf4 a5 38. h4 a4 39. h5
Kd3 40. Kg5 Kc2 41. Kh6 Kxb2 42. Kxh7 Kxa2 43. h6 a3 44. Kg8 Kb1 45. h7 a2 46.
h8=Q a1=Q 47. Qh7+ 1/2-1/2

[Event "World Rapid Women 2021"]
[Site "Warsaw POL"]
[Date "2021.12.27"]
[Round "5.45"]
[White "Katkov, Michelle"]
[Black "Loskutova, Viktoriya"]
[Result "1-0"]
[WhiteTitle "WFM"]
[BlackTitle "WFM"]
[WhiteElo "2151"]
[BlackElo "2100"]
[WhiteFideId "2816393"]
[BlackFideId "34166278"]
[EventDate "2021.12.26"]

1. e4 c5 2. c3 Nf6 3. e5 Nd5 4. d4 cxd4 5. cxd4 Nc6 6. Nf3 d6 7. Bc4 e6 8. O-O
Be7 9. exd6 Qxd6 10. Nc3 O-O 11. Bb3 h6 12. Re1 Rd8 13. Nxd5 exd5 14. Ne5 Qf6
15. Bc2 Bf8 16. Re3 Be6 17. Rf3 Qh4 18. Qd3 Qe4 19. Nxc6 Qe1+ 20. Qf1 Qxf1+ 21.
Kxf1 bxc6 22. Bf4 c5 23. dxc5 Bxc5 24. Bb3 Bd4 25. Rc1 Bxb2 26. Rc7 g5 27. Bg3
a5 28. a4 Rab8 29. Ra7 Rbc8 30. Rd3 Rc5 31. h4 f5 32. hxg5 hxg5 33. Bc7 Rd7 34.
Bb6 Rc1+ 35. Ke2 Rxa7 36. Bxa7 Rc3 37. Bb6 Rc6 38. Bxa5 d4 39. Bd2 f4 40. f3 Kf7
41. a5 Kf6 42. Bxe6 Kxe6 43. Rb3 Bc3 44. Rb6 Rxb6 45. axb6 d3+ 46. Kxd3 Be5 47.
Ke4 Bd6 48. Bc3 Bc5 49. Bd4 Bd6 50. b7 Bb8 51. Bb6 Kf6 52. Bd8+ Kg6 53. Be7 Kh5
54. Kf5 Kh4 55. Bxg5+ Kg3 56. Ke4 Bc7 57. Bf6 1-0

[Event "World Rapid Women 2021"]
[Site "Warsaw POL"]
[Date "2021.12.27"]
[Round "5.46"]
[White "Budkiewicz, Magdalena"]
[Black "Yakimova, Mariya"]
[Result "0-1"]
[BlackTitle "WFM"]
[WhiteElo "1929"]
[BlackElo "2198"]
[WhiteFideId "1194917"]
[BlackFideId "34188859"]
[EventDate "2021.12.26"]

1. e4 c5 2. Nf3 Nc6 3. d4 cxd4 4. Nxd4 Nf6 5. Nc3 e5 6. Ndb5 d6 7. Bg5 a6 8. Na3
b5 9. Nd5 Be7 10. Bxf6 Bxf6 11. c3 Ne7 12. Nxe7 Qxe7 13. Be2 Bb7 14. Bf3 O-O 15.
O-O Bg5 16. Nc2 a5 17. a4 bxa4 18. Rxa4 Bc6 19. Ra1 Qb7 20. Qxd6 Bf4 21. g3 Rfd8
22. Qc5 Bxe4 23. Bxe4 Qxe4 24. Ne1 Bd2 25. Ng2 a4 26. Qb5 Rdb8 27. Qd7 Rxb2 28.
Rad1 Bg5 29. Qc7 h6 30. Rd7 Qf3 31. c4 a3 32. Qxe5 Re2 33. Qc7 a2 34. Rdd1 a1=Q
35. Rxa1 Rxa1 0-1

[Event "World Rapid Women 2021"]
[Site "Warsaw POL"]
[Date "2021.12.27"]
[Round "5.47"]
[White "Da Silva, Cibele Florencio"]
[Black "Smirnova, Ekaterina"]
[Result "0-1"]
[BlackTitle "WIM"]
[WhiteElo "1405"]
[BlackElo "2196"]
[WhiteFideId "2116901"]
[BlackFideId "4110943"]
[EventDate "2021.12.26"]

1. e4 e6 2. Nc3 d5 3. d4 Bb4 4. Qd3 dxe4 5. Qb5+ Nc6 6. Be3 Nf6 7. a3 Bxc3+ 8.
bxc3 Nd5 9. Ne2 O-O 10. g3 a6 11. Qc4 Nxe3 12. fxe3 Qg5 13. Kf2 e5 14. Rd1 Qf5+
15. Ke1 Qf3 16. Rg1 Qxe3 17. dxe5 Nxe5 18. Bg2 Nxc4 19. h3 Ne5 20. Rf1 Nf3+ 21.
Bxf3 exf3 22. Rf2 fxe2 23. Rxe2 Qg1+ 24. Kd2 Rd8+ 25. Kc1 Qxd1+ 26. Kb2 Qxe2 27.
Kb3 Be6+ 28. Kb2 Rd2 29. c4 Rxc2+ 30. Kb3 Qxc4# 0-1

[Event "World Rapid Women 2021"]
[Site "Warsaw POL"]
[Date "2021.12.27"]
[Round "5.48"]
[White "Brambilla, Renee Blandy T."]
[Black "Dworakowska, Joanna"]
[Result "0-1"]
[BlackTitle "IM"]
[WhiteElo "1536"]
[BlackElo "2321"]
[WhiteFideId "2115085"]
[BlackFideId "1107445"]
[EventDate "2021.12.26"]

1. d4 d5 2. c4 e6 3. Nc3 Nf6 4. cxd5 exd5 5. Bg5 Be7 6. e3 c6 7. Bd3 Nbd7 8.
Nge2 Nf8 9. Rb1 Ne4 10. Bxe7 Qxe7 11. O-O Ng6 12. h3 O-O 13. Nxe4 dxe4 14. Bc2
Nh4 15. Ng3 f5 16. Bb3+ Kh8 17. Ne2 Bd7 18. d5 Rad8 19. Nf4 Bc8 20. Qc2 Rd6 21.
Rbd1 Rh6 22. d6 Qd7 23. Qc3 Rff6 24. Qc4 Rf8 25. Qd4 b6 26. Ne6 Rff6 27. Nf4 Ba6
28. Rfe1 Rxd6 29. Qa4 Bb5 30. Rxd6 Rxd6 31. Qb4 Ng6 32. Nxg6+ hxg6 33. a4 Bd3
34. Qc3 c5 35. Ra1 Rc6 36. a5 b5 37. Rd1 b4 38. Qc1 c4 39. Ba4 Qc7 40. Bxc6 Qxc6
41. f3 Qc5 42. Kf2 Qxa5 43. Qa1 Qb6 44. Qa4 Kh7 45. Ra1 f4 46. Qxa7 fxe3+ 47.
Ke1 Qxa7 48. Rxa7 exf3 49. gxf3 c3 50. bxc3 bxc3 51. Ra1 c2 52. Rc1 Kh6 53. Ra1
g5 54. Rc1 Kh5 55. Ra1 Kh4 56. Ra4+ Kg3 57. Ra1 Kxf3 0-1

[Event "World Rapid Women 2021"]
[Site "Warsaw POL"]
[Date "2021.12.27"]
[Round "5.49"]
[White "Jarocka, Liwia"]
[Black "Semenova, Elena1"]
[Result "0-1"]
[WhiteTitle "FM"]
[BlackTitle "WIM"]
[WhiteElo "2006"]
[BlackElo "2278"]
[WhiteFideId "21807558"]
[BlackFideId "24125148"]
[EventDate "2021.12.26"]

1. e4 e5 2. Nf3 Nf6 3. Nc3 Nc6 4. a4 Bb4 5. Bd3 d6 6. Nd5 a6 7. c3 Bc5 8. O-O
O-O 9. Bc2 Ba7 10. d4 h6 11. h3 exd4 12. Nxd4 Nxd4 13. cxd4 Nxd5 14. exd5 Qh4
15. Be3 a5 16. Rc1 Bb6 17. Re1 Bd7 18. Qd3 g6 19. Qd2 Kg7 20. Re2 Rfe8 21. Rce1
Kh7 22. Kh2 Re7 23. Bf4 Rxe2 24. Rxe2 Re8 25. Rxe8 Bxe8 26. g3 Qf6 27. Be3 Bd7
28. Be4 Bxa4 29. h4 h5 30. Qe2 Kg8 31. Qd2 Bd7 32. Bg2 Bg4 33. Qd3 Bd7 34. Qc4
Qf5 35. Qe2 Qf6 36. Qd3 Bf5 37. Qc4 Qe7 38. Bg5 Qe1 39. Be3 Qb4 40. Qe2 Bxd4 41.
Bg5 Qa4 42. Qe7 Qd7 43. Qe2 Bg7 44. Qd2 Qb5 45. b3 b6 46. Qc1 Qc5 47. Qe1 Qb5
48. Qc1 Qd7 49. Qe3 Kf8 50. Qe1 Bd4 51. Qd2 Be5 52. Be3 Kg7 53. Bh6+ Kh7 54. Be3
Kg8 55. Qc1 Qe7 56. Kg1 Kh7 57. Bg5 Qd7 58. Kh2 Bg7 59. Bf4 Qe7 60. Bg5 Qd7 61.
Be3 Bf6 62. Bf4 Kg8 63. Be3 Qe7 64. Qc4 Kg7 65. Qc6 Bd3 66. Qc1 Bb5 67. Qc2 Be8
68. Qc4 b5 69. Qf4 Kg8 70. Be4 Be5 71. Qf3 Qxh4+ 72. Kg2 Qg4 73. Qxg4 hxg4 74.
f4 gxf3+ 75. Kxf3 a4 76. bxa4 bxa4 77. Bb1 Bb5 78. Ba2 Kg7 79. g4 Kf6 80. Ke4
Be2 81. g5+ Ke7 82. Bd2 Bd1 83. Ba5 Bb3 84. Bxb3 axb3 85. Kd3 Kd7 86. Bd2 Kc8
87. Be3 Kb7 88. Bd2 Ka6 89. Be3 Kb5 90. Bd2 Kc5 91. Ba5 Kxd5 92. Bxc7 Bf4 93.
Bd8 b2 94. Kc2 Bc1 95. Be7 Ke6 96. Bd8 d5 0-1

[Event "World Rapid Women 2021"]
[Site "Warsaw POL"]
[Date "2021.12.27"]
[Round "5.50"]
[White "Szczotka, Klara"]
[Black "Efimenko, Maria"]
[Result "0-1"]
[BlackTitle "WIM"]
[WhiteElo "1755"]
[BlackElo "2245"]
[WhiteFideId "21858845"]
[BlackFideId "14124327"]
[EventDate "2021.12.26"]

1. e4 g6 2. d4 d6 3. Be3 Bg7 4. f3 Nd7 5. Nc3 a6 6. Qd2 b5 7. O-O-O Bb7 8. Be2
e6 9. Nh3 h6 10. Nf2 Ngf6 11. g4 Nb6 12. g5 hxg5 13. Bxg5 Qd7 14. Rdg1 O-O-O 15.
Ng4 Nxg4 16. Rxg4 Rde8 17. h4 b4 18. Nd1 Qa4 19. Kb1 f5 20. exf5 exf5 21. Rg2
Bd5 22. b3 Qa3 23. Qd3 Kb7 24. Bc1 Qa5 25. Rxg6 Rh7 26. Rhg1 Bh8 27. Ne3 f4 28.
Nf5 Bc6 29. R6g5 Bb5 30. Qd2 Rxe2 31. Qxe2 Bxe2 32. Nxd6+ cxd6 33. Rxa5 Bxd4 34.
Rg4 Bb5 35. Rxf4 Be5 36. Re4 Nd5 37. Bb2 Bxb2 38. Kxb2 Kb6 39. Rxb5+ Kxb5 40.
a4+ bxa3+ 41. Kxa3 Kc6 42. Ra4 Nc7 43. Rc4+ Kb7 44. Rg4 Rh5 45. c4 Kc6 46. Kb4
Ne6 47. Re4 Nc5 48. Rd4 Rf5 49. f4 Ne6 50. Rd5 Rxf4 51. Rh5 Rf3 52. Rh6 Nc5 53.
h5 Rxb3+ 54. Ka5 Rh3 55. Rh8 Nb7+ 56. Kb4 a5+ 57. Ka4 Kb6 58. Rb8 Rxh5 59. Rc8
Nc5+ 60. Ka3 Rh3+ 61. Ka2 Rc3 62. Rd8 Kc7 63. Ra8 a4 64. Ra7+ Kb6 0-1